000
00255nam a22001217a 4500
020
_a
817167694
082
_a
823
_b
RAM
100
_a
K.P. Ramanunni
_9
914
245
_a
What the Sufi Said
260
_a
NEW DELHI
_b
Rupa
_c
2002
300
_a
174
942
_c
BK
999
_c
35912
_d
35912